000 00250nam a2200097Ia 4500
005 20251222114417.0
008 251222s1900||||xx |||||||||||||| ||spa||
082 _aDVD0112/K25/2004
245 0 _aWinnie Pooh 1 2 3: descubriendo los nĂºmeros:
942 _cDVD
999 _c2259
_d2259